ბათუმის შოთა რუსთაველის სახელმწიფო უნივერსიტეტის ბიბლიოთეკა

დრეკადობის და პლასტიკურობის თეორიის საფუძვლები : დამხმ. სახელმძღ. / (ბიბ.ჩანაწერი № 37395)

000 -ლიდერი
ფიქსირებული სიგრძის საკონტროლო ველი 01114nam a2200241Ia 4500
001 - საკონტროლო ნომერი
საკონტროლო ველი 3354
003 - საკონტროლო ნომრის იდენტიფიკატორი
საკონტროლო ველი GE_BSU
005 - ბოლო ოპერაციის თარიღი და დრო
საკონტროლო ველი 20190605184259.0
008 - ფიქსირებული სიგრძის მონაცემთა ელემენტები - ზოგადი ინფორმაცია
ფიქსირებული სიგრძის საკონტროლო ველი 181216s1991||||ge |||||||||||||| ||geo||
040 ## - კატალოგიზაციის წყარო
Transcribing agency GE_BSU
041 ## - ენის კოდი
Language code of text/sound track or separate title geo
080 ## - უნივერსალური ათობითი კლასიფიკაციის ინდექსი
Universal Decimal Classification number 539.3+539.52 დ– 82
245 ## - ცნობა სათაურის შესახებ
Title დრეკადობის და პლასტიკურობის თეორიის საფუძვლები : დამხმ. სახელმძღ. /
Statement of responsibility, etc დ. დანელია ; ზ. მაძაღუა ; თ. კვარაცხელია ; ზ. ანთელიძე.
264 ## - წარმოების, გამოცემის, დისტრიბუციის და სხვა ცნობები
გამოცემის, წარმოების, დისტრიბუციის... ადგილი თბილისი :
გამოცემის, წარმოების, დისტრიბუციის... სახელწოდება სტუ,
გამოცემის, წარმოების, დისტრიბუციის... თარიღი 1997.
300 ## - ფიზიკური აღწერა
Extent 80 გვ .:
Dimensions 20 სმ.
653 ## - INDEX TERM--UNCONTROLLED
Uncontrolled term დრეკადობის და პლასტიკურობის თეორია
700 ## - ADDED ENTRY--PERSONAL NAME
Personal name დანელია, დ
9 (RLIN) 2173
700 ## - ADDED ENTRY--PERSONAL NAME
Personal name მაძაღუა,ზ
9 (RLIN) 2174
700 ## - ADDED ENTRY--PERSONAL NAME
Personal name კვარაცხელია, თ
9 (RLIN) 2175
700 ## - ADDED ENTRY--PERSONAL NAME
Personal name ანთელიძე, ზ
9 (RLIN) 2176
700 ## - ADDED ENTRY--PERSONAL NAME
Personal name გიორგაძე, ე
Relator term რედაქტორი
9 (RLIN) 398
942 ## - ADDED ENTRY ELEMENTS (KOHA)
Koha item type წიგნი
Source of classification or shelving scheme
ეგზემპლარები
ჩამოწერის სტატუსი დაკარგული ეგზემპლარის სტატუსი კლასიფიკაციის წყარო ან თაროზე გაწყობის სქემა დაზიანების სტატუსი არ გაიცემა მუდმივი მდებარეობა (დაცვის ადგილი) ამჟამინდელი ადგილსამყოფელი თაროზე განთავსების ადგილი შეძენის თარიღი ღირებულება, შესყიდვის ნორმალური ფასი სრული შენახვის შიფრი შტრიხკოდი ბოლო ოპერაციის თარიღი ეგზემპლარის მიმდევრობითი ნომერი (კეტერი?) ფასის ძალაში შესვლის თარიღი ეგზემპლარის სახეობა საჯარო შენიშვნა
          ტექნოლოგიური ფაკულტეტის ბიბლიოთეკა ტექნოლოგიური ფაკულტეტის ბიბლიოთეკა წიგნსაცავი 2018-12-17 2.00 539.3+539.52 დ– 82 10482 2018-12-17 10482 2018-12-17 წიგნი 2 ლ.
          ტექნოლოგიური ფაკულტეტის ბიბლიოთეკა ტექნოლოგიური ფაკულტეტის ბიბლიოთეკა წიგნსაცავი 2018-12-17 2.00 539.3+539.52 დ– 82 10483 2018-12-17 10483 2018-12-17 წიგნი 2 ლ.
          ტექნოლოგიური ფაკულტეტის ბიბლიოთეკა ტექნოლოგიური ფაკულტეტის ბიბლიოთეკა წიგნსაცავი 2018-12-17 2.00 539.3+539.52 დ– 82 10484 2018-12-17 10484 2018-12-17 წიგნი 2 ლ.
          ტექნოლოგიური ფაკულტეტის ბიბლიოთეკა ტექნოლოგიური ფაკულტეტის ბიბლიოთეკა წიგნსაცავი 2018-12-17 2.00 539.3+539.52 დ– 82 10485 2018-12-17 10485 2018-12-17 წიგნი 2 ლ.
          ტექნოლოგიური ფაკულტეტის ბიბლიოთეკა ტექნოლოგიური ფაკულტეტის ბიბლიოთეკა წიგნსაცავი 2018-12-17 2.00 539.3+539.52 დ– 82 10486 2018-12-17 10486 2018-12-17 წიგნი 2 ლ.
          ტექნოლოგიური ფაკულტეტის ბიბლიოთეკა ტექნოლოგიური ფაკულტეტის ბიბლიოთეკა წიგნსაცავი 2018-12-17 2.00 539.3+539.52 დ– 82 10487 2018-12-17 10487 2018-12-17 წიგნი 2 ლ.